000 00652nam a2200217Ia 4500
001 8527
003 GE_BSU
008 181216s||||||||xx |||||||||||||| ||und||
040 _cGE_BSU
100 _aზედგინიძე,გიორგი
245 _aდედის ტაძარი
245 _bრომანი
245 _cრედ. რ.ჯაფარიძე, მხატვ. თ. სოსელია
260 _aთბილისი
260 _bმერანი
260 _c1969
300 _a293გვ.20სმ.
653 _aდედის ტაძარი
653 _aრომანი
942 _cBK
999 _c41844
_d41844